书目信息 |
| 题名: |
历代论诗绝句选
|
|
| 作者: | 羊春秋 选注 | |
| 分册: | ||
| 出版信息: | 长沙 湖南人民出版社 1981 |
|
| 页数: | 391页 | |
| 开本: | 19cm | |
| 丛书名: | 中国古典文学作品欣赏丛书 | |
| 单 册: | ||
| 中图分类: | I222.7 , I207.2 | |
| 科图分类: | ||
| 主题词: | 绝句--中国--古代--选集 , 文学--中国 | |
| 电子资源: | ||
| ISBN: | ||
| 000 | 00735oam2 2200265 450 | |
| 001 | 1572037340 | |
| 005 | 20150123200106.40 | |
| 010 | @dCNY0.95 | |
| 091 | @a10109.1376 | |
| 100 | @a19950628d1981 em y0chiy0110 ea | |
| 101 | 0 | @achi |
| 102 | @aCN@b430000 | |
| 105 | @ay z 000gy | |
| 200 | 1 | @a历代论诗绝句选@9li dai lun shi jue ju xuan@f羊春秋选注 |
| 210 | @a长沙@c湖南人民出版社@d1981 | |
| 215 | @a391页@d19cm | |
| 225 | 2 | @a中国古典文学作品欣赏丛书 |
| 461 | 0 | @12001 @a中国古典文学作品欣赏丛书 |
| 606 | 0 | @a绝句@y中国@z古代@x选集 |
| 606 | 0 | @a文学@x中国 |
| 690 | @aI222.7@v5 | |
| 690 | @aI207.2@v4 | |
| 701 | 0 | @a羊春秋@9yang chun qiu@f(1922.4~)@4选注 |
| 801 | 0 | @aCN@bTSSF@c20150123 |
| 905 | @aZUCC@dI207.2@eJY104 | |
| 历代论诗绝句选/羊春秋选注.-长沙:湖南人民出版社,1981 |
| 391页;19cm.-(中国古典文学作品欣赏丛书) |
| ISBN :CNY0.95 |
| ● |
| 相关链接 |
|
|
|
|
正题名:历代论诗绝句选
索取号:I207.2/JY104
 
预约/预借
| 序号 | 登录号 | 条形码 | 馆藏地/架位号 | 状态 | 备注 |
| 1 | 7843922 | 278439227 | 学院路分馆/ [索取号:I207.2/JY104] | 在馆 | |
| 2 | 7843923 | 278439236 | 学院路分馆/ [索取号:I207.2/JY104] | 在馆 |